Normal view MARC view

Entry Corporate Name

Number of records used in: 1

001 - CONTROL NUMBER

  • control field: 45376

003 - CONTROL NUMBER IDENTIFIER

  • control field: OSt

005 - DATE AND TIME OF LATEST TRANSACTION

  • control field: 20240228120107.0

008 - FIXED-LENGTH DATA ELEMENTS

  • fixed length control field: 240228|| aca||aabn | a|a d

040 ## - CATALOGING SOURCE

  • Original cataloging agency: OSt
  • Transcribing agency: OSt

110 ## - HEADING--CORPORATE NAME

  • Corporate name or jurisdiction name as entry element: Jaya Singh

670 ## - SOURCE DATA FOUND

  • Source citation: Work cat.: (OSt)61109: Dr.Jagdamba Singh 45374, Advanced Organic Chemistry , 2023
Trident Academy of Technology © 2023.
All rights reserved.                                                                                                                                                                                                        Designed by Team of Central Library .

Powered by Koha